| 000 | 00429nam a2200169Ia 4500 | ||
|---|---|---|---|
| 008 | 121114t1996 xxu||||| |||| 00| 0 sin d | ||
| 041 | _asin | ||
| 080 |
_a8S31 _bWIJ |
||
| 100 | _aWijayaratne Menike, Anula | ||
| 245 | _aවඩබාගින්න | ||
| 246 | _aWadabaginna | ||
| 260 |
_bSara Publishers _aKottawa _c1996 |
||
| 300 | _a252p., 18 cm | ||
| 942 | _cBK | ||
| 999 |
_c71123 _d71123 |
||
| 003 | LK-CoDNM | ||
| 040 |
_aLK-CoDNM _dLK-CoDNM _eLK-CoDNM |
||